[Event "Walsrode Chessemy op-A"]
[Site "Walsrode"]
[Date "2023.03.10"]
[Round "7"]
[White "Ehmann, Johanna"]
[Black "Hald Falkesgaard, Jeppe"]
[Result "1/2-1/2"]
[WhiteElo "1815"]
[BlackElo "2124"]
[PlyCount "111"]
[EventDate "2023.03.04"]
[EventType "swiss"]
[EventRounds "9"]
[EventCountry "GER"]
[SourceTitle "CBM 213 Extra"]
[Source "ChessBase"]
[SourceDate "2023.05.31"]
[SourceVersion "1"]
[SourceVersionDate "2023.05.31"]
[SourceQuality "1"]

1. e4 c5 2. Nf3 e6 3. d4 cxd4 4. Nxd4 Nc6 5. Nc3 Qc7 6. f4 a6 7. Nxc6 Qxc6 8. Bd3 b5 9. Qe2 Bb7 10. Bd2 Bc5 11. 0-0-0 Ne7 12. a3 0-0 13. h4 b4 14. axb4 Bxb4 15. h5 Qb6 16. h6 g6 17. f5 Qa5 18. Kb1 Rab8 19. Na2 Bxd2 20. Qxd2 Qe5 21. Qc3 Nc6 22. Bc4 Qxc3 23. Nxc3 Ne5 24. Bb3 Bc6 25. Rd4 a5 26. Na4 Rfc8 27. Rhd1 Kf8 28. f6 Ke8 29. Nc5 Bb5 30. Na4 Rc7 31. Nc3 Bc6 32. Re1 Rcb7 33. Na4 Rb4 34. Rxb4 Rxb4 35. Nc3 a4 36. Bd5 Bxd5 37. exd5 Nc4 38. b3 axb3 39. cxb3 Rxb3+ 40. Kc2 Rb2+ 41. Kd3 Nd6 42. Ra1 Rb8 43. g4 Nc8 44. Ne4 Rb3+ 45. Kc4 Rb8 46. Ng5 exd5+ 47. Kc5 Kf8 48. Nxh7+ Kg8 49. Ng5 Rb6 50. Ra8 d6+ 51. Kd4 Rb4+ 52. Kd3 Rc4 53. Rb8 Rc1 54. Ra8 Rc4 55. Rb8 Rc1 56. Ra8 1/2-1/2

[Event "Walsrode Chessemy op-A"]
[Site "Walsrode"]
[Date "2023.03.08"]
[Round "5"]
[White "Ehmann, Johanna"]
[Black "Koellner, Aaron Noah"]
[Result "1/2-1/2"]
[WhiteElo "1815"]
[BlackElo "2148"]
[PlyCount "113"]
[EventDate "2023.03.04"]
[EventType "swiss"]
[EventRounds "9"]
[EventCountry "GER"]
[SourceTitle "CBM 213 Extra"]
[Source "ChessBase"]
[SourceDate "2023.05.31"]
[SourceVersion "1"]
[SourceVersionDate "2023.05.31"]
[SourceQuality "1"]

1. e4 c5 2. Nf3 e6 3. d4 cxd4 4. Nxd4 Nc6 5. Nc3 Qc7 6. f4 Nxd4 7. Qxd4 a6 8. Be3 b5 9. Qb6 Qxb6 10. Bxb6 Bb7 11. a3 Rc8 12. Bd3 Nf6 13. Bd4 Bc5 14. Bxc5 Rxc5 15. 0-0 Rxc3 16. bxc3 Nxe4 17. Bxe4 Bxe4 18. a4 Ke7 19. axb5 axb5 20. Rfb1 Rc8 21. Ra3 Rc5 22. Rb2 Bc6 23. Rb4 h5 24. h4 Kf6 25. Kf2 Kf5 26. g3 f6 27. Rd4 e5 28. fxe5 fxe5 29. Rb4 e4 30. Rd4 Kg4 31. Kg2 Rf5 32. c4 bxc4 33. Rxc4 Rb5 34. Re3 Kf5 35. Kf2 Bb7 36. Rd4 d5 37. Re2 Rc5 38. Rb4 Ba6 39. Rd2 Ke5 40. Rb8 Bc4 41. Re8+ Kf5 42. Rf8+ Ke5 43. Re8+ Kf6 44. Ke3 Ra5 45. Rf2+ Kg6 46. Re6+ Kh7 47. Re5 Ra3+ 48. Kf4 Kh6 49. Re6+ Kh7 50. Re5 Kg8 51. Re8+ Kf7 52. Re5 Kg6 53. Re6+ Kh7 54. Re5 Kh6 55. Re6+ Kh7 56. Re5 Kh6 57. Re6+ 1/2-1/2

[Event "BL2 Sued 2122 (Women)"]
[Site "Germany"]
[Date "2022.03.20"]
[Round "5.4"]
[White "Ehmann, Johanna"]
[Black "Pils, Martina"]
[Result "1/2-1/2"]
[WhiteElo "1778"]
[BlackElo "1567"]
[PlyCount "101"]
[EventDate "2021.11.27"]
[EventType "team-tourn"]
[EventRounds "7"]
[EventCountry "GER"]
[SourceTitle "EXT 2023"]
[Source "ChessBase"]
[SourceDate "2022.10.05"]
[SourceVersion "1"]
[SourceVersionDate "2022.10.05"]
[SourceQuality "1"]
[WhiteTeam "Freiburg Zaehringen (W)"]
[BlackTeam "Forstenried (W)"]
[WhiteTeamCountry "GER"]
[BlackTeamCountry "GER"]

1. e4 e6 2. d4 d5 3. exd5 exd5 4. Nf3 Nf6 5. h3 c5 6. Bb5+ Bd7 7. Bxd7+ Nbxd7 8. 0-0 cxd4 9. Nxd4 Be7 10. Nf5 0-0 11. Nc3 Nb6 12. Bg5 Bc5 13. Qf3 Rc8 14. Qg3 Rc6 15. Bh4 g6 16. Nh6+ Kg7 17. Qg5 Qd7 18. Rae1 Re8 19. Rxe8 Qxe8 20. Nf5+ Kg8 21. Nh6+ Kg7 22. Nf5+ Kg8 23. Qh6 Bf8 24. Qg5 Re6 25. Nd4 Ne4 26. Qd8 Qxd8 27. Bxd8 Nxc3 28. bxc3 Re4 29. Bxb6 axb6 30. Rd1 Bc5 31. Nb3 Re5 32. Nxc5 bxc5 33. Rb1 Re7 34. Rb5 Rc7 35. Kf1 Kf8 36. Ke2 Ke7 37. Rb6 Kd8 38. Kd3 Kc8 39. Rf6 Rd7 40. h4 Kc7 41. a4 b6 42. g4 Kb7 43. h5 Kc7 44. f4 Re7 45. f5 gxh5 46. gxh5 Kb7 47. Rh6 Re5 48. Rf6 Re7 49. Rd6 Kc7 50. Rxd5 Kc6 51. c4 1/2-1/2

[Event "GER-ch U18 Girls"]
[Site "Willingen"]
[Date "2020.10.23"]
[Round "5"]
[White "Ehmann, Johanna"]
[Black "Tornay, Haizea"]
[Result "1-0"]
[WhiteElo "1846"]
[BlackElo "1659"]
[PlyCount "53"]
[EventDate "2020.10.19"]
[EventType "swiss"]
[EventRounds "7"]
[EventCountry "GER"]
[SourceTitle "EXT 2022"]
[Source "ChessBase"]
[SourceDate "2021.10.06"]
[SourceVersion "1"]
[SourceVersionDate "2021.10.06"]
[SourceQuality "1"]

1. b3 Nf6 2. Bb2 g6 3. e3 Bg7 4. f4 d6 5. Nf3 0-0 6. Be2 e5 7. fxe5 Ng4 8. 0-0 Nc6 9. Nc3 Ngxe5 10. Qe1 Nb4 11. Bd1 Nxf3+ 12. Rxf3 Bd7 13. a3 Nd5 14. Nxd5 Bxb2 15. Rb1 Be5 16. e4 c6 17. Ne3 Qe7 18. c3 Rae8 19. Bc2 d5 20. exd5 cxd5 21. Kh1 Bd6 22. Qf2 d4 23. Nd5 Qe5 24. Nf6+ Kh8 25. Qh4 Qxh2+ 26. Qxh2 Bxh2 27. Nxd7 1-0

[Event "GER-ch U18 Girls"]
[Site "Willingen"]
[Date "2020.10.21"]
[Round "2"]
[White "Schiewe, Nadine"]
[Black "Ehmann, Johanna"]
[Result "1/2-1/2"]
[WhiteElo "1660"]
[BlackElo "1846"]
[PlyCount "105"]
[EventDate "2020.10.19"]
[EventType "swiss"]
[EventRounds "7"]
[EventCountry "GER"]
[SourceTitle "EXT 2022"]
[Source "ChessBase"]
[SourceDate "2021.10.06"]
[SourceVersion "1"]
[SourceVersionDate "2021.10.06"]
[SourceQuality "1"]

1. d4 d5 2. Nf3 Nf6 3. e3 e6 4. Bd3 c5 5. c3 Nc6 6. Ne5 Bd6 7. f4 Ne4 8. 0-0 0-0 9. Nd2 f5 10. Rf3 cxd4 11. exd4 Nxe5 12. fxe5 Be7 13. Rh3 Bd7 14. Nxe4 fxe4 15. Qh5 h6 16. Bxh6 Rf5 17. Qg6 Bf8 18. g4 Be8 19. Qxe6+ Rf7 20. Rf1 Qd7 21. Qxd7 Bxd7 22. Bxe4 dxe4 23. Bg5 Bxg4 24. Rh8+ Kxh8 25. Rxf7 b5 26. Rb7 a6 27. Kf2 Rc8 28. Ke3 Bh3 29. a3 Kh7 30. Rb6 Re8 31. Kxe4 Re6 32. Rb8 Be7 33. Bxe7 Rxe7 34. Rb6 Bg2+ 35. Kf5 Bh3+ 36. Ke4 Bg2+ 37. Ke3 Bb7 38. b3 Bd5 39. a4 bxa4 40. bxa4 Bc4 41. Ke4 Rf7 42. e6 Rf1 43. d5 Rd1 44. Rd6 Bf1 45. Kf3 Bc4 46. Kf4 Rf1+ 47. Ke5 Kg6 48. Rd8 Re1+ 49. Kd6 Bxd5 50. e7 Bf7 51. Kd7 Rd1+ 52. Kc7 Re1 53. Kd7 1/2-1/2

[Event "BL2 West 1920 (Women)"]
[Site "Germany"]
[Date "2019.09.14"]
[Round "1.3"]
[White "Ciolacu, Alessia Mihaela"]
[Black "Ehmann, Johanna"]
[Result "1-0"]
[WhiteElo "2069"]
[BlackElo "1868"]
[PlyCount "77"]
[EventDate "2019.09.14"]
[EventType "team-tourn"]
[EventRounds "7"]
[EventCountry "GER"]
[SourceTitle "EXT 2021"]
[Source "ChessBase"]
[SourceDate "2020.10.23"]
[SourceVersion "1"]
[SourceVersionDate "2020.10.23"]
[SourceQuality "1"]
[WhiteTeam "Hemer (W)"]
[BlackTeam "Langen (W)"]
[WhiteTeamCountry "GER"]
[BlackTeamCountry "GER"]

1. Nf3 Nf6 2. d4 d5 3. Bg5 e6 4. e3 c5 5. c4 dxc4 6. Bxc4 cxd4 7. exd4 Be7 8. Nc3 0-0 9. 0-0 Nc6 10. a3 Nd5 11. Bxd5 exd5 12. Bxe7 Nxe7 13. Re1 Bg4 14. h3 Bf5 15. Qb3 Qd7 16. Re5 Be6 17. Rae1 Ng6 18. R5e3 b6 19. Ne5 Nxe5 20. Rxe5 Rad8 21. R1e3 Qc6 22. Kh2 Rd6 23. Qb5 Qb7 24. Qe2 Qd7 25. Nb5 Rc6 26. Rc3 a6 27. Rxc6 Qxc6 28. Nc3 b5 29. Qe3 Qd6 30. g3 b4 31. Ne2 bxa3 32. bxa3 Bd7 33. Nf4 Bc6 34. Nh5 Qg6 35. Rg5 Qc2 36. Rxg7+ Kh8 37. Rg4 Re8 38. Qf3 Re7 39. Qf6# 1-0

[Event "Pfalz op 10th"]
[Site "Neustadt an der Weinstrasse"]
[Date "2019.03.02"]
[Round "3"]
[White "Lenaerts, Lennert"]
[Black "Ehmann, Johanna"]
[Result "1-0"]
[WhiteElo "2377"]
[BlackElo "1895"]
[PlyCount "41"]
[EventDate "2019.03.01"]
[EventType "swiss"]
[EventRounds "9"]
[EventCountry "GER"]
[SourceTitle "CBM 189 Extra"]
[Source "ChessBase"]
[SourceDate "2019.06.03"]
[SourceVersion "1"]
[SourceVersionDate "2019.06.03"]
[SourceQuality "1"]

1. d4 d5 2. c4 e6 3. Nc3 c5 4. cxd5 cxd4 5. Qxd4 Nc6 6. Qd1 exd5 7. Qxd5 Bd7 8. Bg5 f6 9. Bf4 Nb4 10. Qb3 Qb6 11. e4 Bc5 12. 0-0-0 Rc8 13. Bc4 Nh6 14. Bxh6 gxh6 15. Bf7+ Kd8 16. Be6 Bd6 17. Bxd7 Kxd7 18. Qf7+ Kd8 19. a3 Na6 20. Nge2 Rf8 21. Qxf8+ 1-0

[Event "BL2 Sued 1819 (Women)"]
[Site "Germany"]
[Date "2019.01.13"]
[Round "7.3"]
[White "Blanter, Sofya"]
[Black "Ehmann, Johanna"]
[Result "1/2-1/2"]
[WhiteElo "1756"]
[BlackElo "1901"]
[PlyCount "85"]
[EventDate "2018.10.27"]
[EventType "team-tourn"]
[EventRounds "7"]
[EventCountry "GER"]
[SourceTitle "CBM 190 Extra"]
[Source "ChessBase"]
[SourceDate "2019.07.15"]
[SourceVersion "1"]
[SourceVersionDate "2019.07.15"]
[SourceQuality "1"]
[WhiteTeam "Regensburg Bavaria (W)"]
[BlackTeam "Langen (W)"]
[WhiteTeamCountry "GER"]
[BlackTeamCountry "GER"]

1. d4 d5 2. c4 e6 3. Nf3 c5 4. Bf4 Nf6 5. h3 Nc6 6. e3 Bd6 7. Bxd6 Qxd6 8. Nc3 0-0 9. cxd5 exd5 10. dxc5 Qxc5 11. Rc1 Rd8 12. Bd3 d4 13. exd4 Nxd4 14. 0-0 Nxf3+ 15. Qxf3 Qb4 16. Rc2 Bd7 17. Ne4 Nxe4 18. Bxe4 Be6 19. b3 Rd7 20. Rfc1 Re7 21. Qf4 Ree8 22. Rc7 Rab8 23. Qf3 Rbc8 24. Qf4 Rxc7 25. Rxc7 Qa5 26. Rxb7 Qxa2 27. Rb8 Qa1+ 28. Kh2 Bd7 29. Bd5 Qf6 30. Qxf6 gxf6 31. Rxe8+ Bxe8 32. b4 Kf8 33. Kg3 Ke7 34. Kf4 Kd6 35. Ke4 Bc6 36. Bxc6 Kxc6 37. Kd4 Kb5 38. Kc3 a6 39. g4 Kb6 40. Kc4 Kc6 41. h4 Kb6 42. g5 f5 43. f4 1/2-1/2

[Event "GER-ch U16 Girls"]
[Site "Willingen"]
[Date "2018.05.25"]
[Round "8"]
[White "Ehmann, Johanna"]
[Black "Schulze, Lara"]
[Result "0-1"]
[WhiteElo "1828"]
[BlackElo "2115"]
[PlyCount "72"]
[EventDate "2018.05.19"]
[EventType "swiss"]
[EventRounds "9"]
[EventCountry "GER"]
[SourceTitle "CBM 184 Extra"]
[Source "ChessBase"]
[SourceDate "2018.06.28"]
[SourceVersion "1"]
[SourceVersionDate "2018.06.28"]
[SourceQuality "1"]

1. e4 c5 2. Nf3 d6 3. d4 cxd4 4. Nxd4 Nf6 5. f3 e5 6. Nb3 d5 7. Bg5 Be6 8. c3 Nbd7 9. exd5 Bxd5 10. c4 Be6 11. N1d2 h6 12. Be3 a5 13. a3 a4 14. Nc1 Bc5 15. Bxc5 Nxc5 16. Na2 Qd4 17. Qc2 Qe3+ 18. Be2 Rd8 19. Nf1 Qg5 20. Ng3 h5 21. Qc1 Qg6 22. Qe3 Nb3 23. Rd1 Rxd1+ 24. Bxd1 h4 25. Nf1 0-0 26. Nb4 Bxc4 27. Bc2 Qh5 28. g4 hxg3 29. Nxg3 Qh4 30. Nd3 Nd4 31. Bb1 Nf5 32. Qf2 Nxg3 33. Qxg3 Qd4 34. f4 Qe4+ 35. Kf2 Qxh1 36. fxe5 Ne4+ 0-1

[Event "GER-chT U20"]
[Site "Duesseldorf"]
[Date "2017.12.28"]
[Round "3.5"]
[White "Jurga, Jonas Vincent"]
[Black "Ehmann, Johanna"]
[Result "1/2-1/2"]
[WhiteElo "1898"]
[BlackElo "1819"]
[PlyCount "69"]
[EventDate "2017.12.27"]
[EventType "team-swiss"]
[EventRounds "7"]
[EventCountry "GER"]
[SourceTitle "CBM 182 Extra"]
[Source "ChessBase"]
[SourceDate "2018.02.23"]
[SourceVersion "1"]
[SourceVersionDate "2018.02.23"]
[SourceQuality "1"]
[WhiteTeam "Baden-Baden U20"]
[BlackTeam "Sasbach U20"]
[WhiteTeamCountry "GER"]
[BlackTeamCountry "GER"]

1. e4 e5 2. Nf3 Nc6 3. Nc3 Nf6 4. Bb5 Bc5 5. 0-0 d6 6. h3 0-0 7. d3 h6 8. Be3 Bb6 9. Ne2 Ne7 10. Ng3 Ng6 11. c3 c6 12. Ba4 d5 13. exd5 cxd5 14. Bxb6 Qxb6 15. Bb3 e4 16. Nd4 Nf4 17. dxe4 dxe4 18. Qd2 Ne6 19. Bxe6 Bxe6 20. Rfe1 Bd5 21. Ngf5 Rad8 22. Nxg7 Kxg7 23. Nf5+ Kg6 24. g4 Ng8 25. Qf4 Qxb2 26. Qe5 f6 27. Nh4+ Kf7 28. Qc7+ Ke8 29. Nf5 Rf7 30. Ng7+ Rxg7 31. Qxg7 Qxc3 32. Qg6+ Kf8 33. Rac1 Qe5 34. Qh7 Qe7 35. Qf5 1/2-1/2

[Event "Wiesbaden op 29th"]
[Site "Wiesbaden"]
[Date "2017.08.26"]
[Round "5"]
[White "Ehmann, Johanna"]
[Black "Ochs, Daniel Elias"]
[Result "1-0"]
[WhiteElo "1767"]
[BlackElo "1571"]
[PlyCount "79"]
[EventDate "2017.08.24"]
[EventType "swiss"]
[EventRounds "7"]
[EventCountry "GER"]
[SourceTitle "CBM 180 Extra"]
[Source "ChessBase"]
[SourceDate "2017.10.06"]
[SourceVersion "1"]
[SourceVersionDate "2017.10.06"]
[SourceQuality "1"]

1. e4 c5 2. Nf3 e6 3. d4 cxd4 4. Nxd4 Bc5 5. c4 Ne7 6. Nc3 0-0 7. Be2 Nbc6 8. Nxc6 Nxc6 9. 0-0 a6 10. Bf4 Qf6 11. Bd6 Bxd6 12. Qxd6 Qe5 13. Qxe5 Nxe5 14. c5 f6 15. Na4 Rd8 16. Nb6 Rb8 17. Rad1 Ng6 18. Rd6 Kf8 19. Bc4 Ke7 20. Rfd1 Nf8 21. b4 e5 22. a4 Re8 23. Bb3 Kd8 24. a5 Kc7 25. Ba4 h6 26. Bxd7 Nxd7 27. Nxd7 Bxd7 28. Rxd7+ Kc6 29. R1d6+ Kb5 30. Rb6+ Ka4 31. Rbxb7 Red8 32. f3 Rxd7 33. Rxb8 Kb3 34. Kf2 h5 35. Kg3 g5 36. h3 h4+ 37. Kg4 Rd2 38. Kf5 Rxg2 39. Kxf6 Kc4 40. c6 1-0

[Event "Wiesbaden op 29th"]
[Site "Wiesbaden"]
[Date "2017.08.24"]
[Round "1"]
[White "Ehmann, Johanna"]
[Black "Koellner, Ruben Gideon"]
[Result "1/2-1/2"]
[WhiteElo "1767"]
[BlackElo "2176"]
[PlyCount "102"]
[EventDate "2017.08.24"]
[EventType "swiss"]
[EventRounds "7"]
[EventCountry "GER"]
[SourceTitle "CBM 180 Extra"]
[Source "ChessBase"]
[SourceDate "2017.10.06"]
[SourceVersion "1"]
[SourceVersionDate "2017.10.06"]
[SourceQuality "1"]

1. e4 d6 2. Bc4 Nf6 3. d3 e5 4. f4 Be7 5. Nf3 Nc6 6. a3 0-0 7. 0-0 exf4 8. Bxf4 Be6 9. Ba2 Nd7 10. Nc3 Bxa2 11. Rxa2 Nb6 12. Qe1 Bf6 13. Ne2 Re8 14. Qg3 Qe7 15. Bg5 Bxg5 16. Nxg5 f6 17. Nf3 d5 18. Nc3 Rad8 19. Raa1 Qc5+ 20. Rf2 d4 21. Na2 Qd6 22. Qg4 Ne5 23. Nxe5 Rxe5 24. Rf5 Rxf5 25. Qxf5 Re8 26. Rf1 Re5 27. Qh3 Qe6 28. Qxe6+ Rxe6 29. c3 Rd6 30. Rf3 Na4 31. cxd4 Rxd4 32. b3 Nc5 33. Nc1 a5 34. Kf2 Ne6 35. Ke3 c5 36. Ne2 Rd6 37. Rf1 Rb6 38. Rb1 Kf7 39. d4 cxd4+ 40. Nxd4 Nxd4 41. Kxd4 Ke6 42. b4 axb4 43. Rxb4 Rd6+ 44. Ke3 Rd7 45. Rb6+ Ke7 46. a4 Kd8 47. a5 Ke7 48. a6 bxa6 49. Rxa6 Rb7 50. Kf4 Kf7 51. h4 Rc7 1/2-1/2

[Event "GER-ch international (Women)"]
[Site "Bodenmais"]
[Date "2017.08.06"]
[Round "9"]
[White "Ehmann, Johanna"]
[Black "Kuehne, Maria"]
[Result "1/2-1/2"]
[WhiteElo "1767"]
[BlackElo "1610"]
[PlyCount "86"]
[EventDate "2017.07.29"]
[EventType "swiss"]
[EventRounds "9"]
[EventCountry "GER"]
[SourceTitle "EXT 2019"]
[Source "ChessBase"]
[SourceDate "2018.10.10"]
[SourceVersion "1"]
[SourceVersionDate "2018.10.10"]
[SourceQuality "1"]

1. e4 Nc6 2. d4 d5 3. Nc3 dxe4 4. d5 Ne5 5. Qd4 Ng6 6. Qxe4 Nf6 7. Qa4+ Bd7 8. Bb5 a6 9. Bxd7+ Qxd7 10. Qxd7+ Nxd7 11. Nf3 h6 12. Be3 0-0-0 13. 0-0-0 Nge5 14. Nxe5 Nxe5 15. Bd4 Ng4 16. h3 Nf6 17. Be3 e6 18. dxe6 Rxd1+ 19. Rxd1 fxe6 20. Bd4 Bd6 21. Re1 Bf4+ 22. Be3 Bxe3+ 23. Rxe3 Re8 24. h4 Kd7 25. Kd2 Ke7 26. Ke2 Rd8 27. Ne4 Nxe4 28. Rxe4 Rd5 29. b3 b5 30. c4 Rd7 31. g4 Kf6 32. f3 e5 33. f4 Re7 34. Kf3 c6 35. a3 Re6 36. fxe5+ Rxe5 37. Kf4 g5+ 38. hxg5+ hxg5+ 39. Ke3 bxc4 40. bxc4 c5 41. a4 a5 42. Kf3 Rxe4 43. Kxe4 Ke6 1/2-1/2

[Event "GER-ch international (Women)"]
[Site "Bodenmais"]
[Date "2017.08.03"]
[Round "6"]
[White "Aytacoglu, Yagmur"]
[Black "Ehmann, Johanna"]
[Result "0-1"]
[WhiteElo "1428"]
[BlackElo "1767"]
[PlyCount "92"]
[EventDate "2017.07.29"]
[EventType "swiss"]
[EventRounds "9"]
[EventCountry "GER"]
[SourceTitle "EXT 2019"]
[Source "ChessBase"]
[SourceDate "2018.10.10"]
[SourceVersion "1"]
[SourceVersionDate "2018.10.10"]
[SourceQuality "1"]

1. c4 c5 2. Nc3 Nf6 3. g3 d5 4. cxd5 Nxd5 5. Bg2 Nc7 6. d3 Nc6 7. Nf3 e5 8. 0-0 Be7 9. a3 0-0 10. Rb1 f6 11. Be3 Bd7 12. Nd2 Rc8 13. Nd5 Nxd5 14. Bxd5+ Kh8 15. Rc1 Bh3 16. Bg2 Bxg2 17. Kxg2 b6 18. Kg1 f5 19. Nc4 f4 20. Bd2 b5 21. Nxe5 Nxe5 22. Bc3 Ng6 23. Qb3 a6 24. Qe6 Qd6 25. Qg4 Bf6 26. d4 Bxd4 27. Bxd4 Qxd4 28. Rfd1 Qf6 29. b4 fxg3 30. fxg3 c4 31. Rd4 Qf2+ 32. Kh1 Qf5 33. Qxf5 Rxf5 34. Rcd1 Rcf8 35. Kg2 Ne5 36. Rd5 Rf2+ 37. Kg1 Rxe2 38. Rf1 Re8 39. Rd6 Ng4 40. h3 Ne3 41. Rf3 h6 42. Rxa6 c3 43. Rc6 c2 44. h4 Re1+ 45. Kf2 c1Q 46. Rxc1 Rxc1 0-1

[Event "GER-ch U16 Girls"]
[Site "Willingen"]
[Date "2017.06.06"]
[Round "5"]
[White "Ehmann, Johanna"]
[Black "Manco, Michela"]
[Result "1/2-1/2"]
[WhiteElo "1748"]
[BlackElo "1773"]
[PlyCount "86"]
[EventDate "2017.06.04"]
[EventType "swiss"]
[EventRounds "9"]
[EventCountry "GER"]
[SourceTitle "CBM 178 Extra"]
[Source "ChessBase"]
[SourceDate "2017.06.22"]
[SourceVersion "1"]
[SourceVersionDate "2017.06.22"]
[SourceQuality "1"]

1. e4 d5 2. exd5 Qxd5 3. Nc3 Qd6 4. d4 Nf6 5. Nf3 a6 6. Ne5 Nc6 7. Nxc6 Qxc6 8. d5 Qd6 9. Be3 b5 10. a3 Bb7 11. Be2 Nxd5 12. Ne4 Qd8 13. Nc5 Nxe3 14. Nxb7 Nxd1 15. Nxd8 Rxd8 16. Rxd1 e5 17. Bf3 Bc5 18. Ke2 Ke7 19. Bb7 a5 20. Bc6 b4 21. a4 Bd4 22. b3 Rd6 23. Be4 Rhd8 24. Bd3 g6 25. f3 f5 26. Rhf1 h6 27. Bc4 Rf6 28. h3 Rdd6 29. Bb5 e4 30. fxe4 fxe4 31. Rxf6 Kxf6 32. Rf1+ Ke5 33. Bc4 Bc3 34. Rd1 Kf4 35. Rxd6 cxd6 36. Bb5 d5 37. Bc6 d4 38. Bb5 g5 39. Bc4 Kg3 40. Kf1 h5 41. Bb5 Kf4 42. Ke2 Ke5 43. Bc4 Kf4 1/2-1/2

[Event "GER-ch U16 Girls"]
[Site "Willingen"]
[Date "2017.06.05"]
[Round "3"]
[White "Ehmann, Johanna"]
[Black "Fricke, Edna Marlene"]
[Result "1-0"]
[WhiteElo "1748"]
[BlackElo "1264"]
[PlyCount "75"]
[EventDate "2017.06.04"]
[EventType "swiss"]
[EventRounds "9"]
[EventCountry "GER"]
[SourceTitle "CBM 178 Extra"]
[Source "ChessBase"]
[SourceDate "2017.06.22"]
[SourceVersion "1"]
[SourceVersionDate "2017.06.22"]
[SourceQuality "1"]

1. e4 c5 2. Nf3 Nc6 3. d4 cxd4 4. Nxd4 g6 5. Nc3 Bg7 6. Be3 Nf6 7. Bc4 Qa5 8. f3 0-0 9. Bb3 e6 10. Qd2 d5 11. exd5 Nxd5 12. Bxd5 exd5 13. 0-0-0 Be6 14. Kb1 Qb4 15. h4 Rfd8 16. h5 Nxd4 17. Bxd4 Qxd4 18. Qxd4 Bxd4 19. Rxd4 a6 20. hxg6 fxg6 21. Rhd1 b5 22. Nxd5 Bxd5 23. Rxd5 Rxd5 24. Rxd5 Re8 25. a4 bxa4 26. c4 a3 27. bxa3 Re1+ 28. Kc2 Re2+ 29. Rd2 Rxd2+ 30. Kxd2 Kf7 31. Ke3 Ke6 32. Ke4 Kd6 33. Kd4 Kc6 34. c5 a5 35. a4 g5 36. Kc4 h5 37. Kd4 g4 38. fxg4 1-0

[Event "GER-ch U16 Girls"]
[Site "Willingen"]
[Date "2017.06.04"]
[Round "1"]
[White "Ehmann, Johanna"]
[Black "Muetsch, Annmarie"]
[Result "1/2-1/2"]
[WhiteElo "1748"]
[BlackElo "2137"]
[PlyCount "119"]
[EventDate "2017.06.04"]
[EventType "swiss"]
[EventRounds "9"]
[EventCountry "GER"]
[SourceTitle "CBM 178 Extra"]
[Source "ChessBase"]
[SourceDate "2017.06.22"]
[SourceVersion "1"]
[SourceVersionDate "2017.06.22"]
[SourceQuality "1"]

1. e4 e5 2. Nf3 Nc6 3. Bc4 Bc5 4. c3 Nf6 5. d4 exd4 6. cxd4 Bb4+ 7. Bd2 Bxd2+ 8. Nbxd2 d5 9. exd5 Nxd5 10. 0-0 0-0 11. Rc1 Nb6 12. Nb3 Nxc4 13. Rxc4 Be6 14. Rc5 Bd5 15. Ne5 Ne7 16. Rc3 c6 17. Qh5 g6 18. Qh4 Nf5 19. Qf4 Bxb3 20. Rxb3 Nxd4 21. Re3 Ne6 22. Qb4 Qb6 23. Qh4 Qd8 24. Qb4 Qb6 25. Qh4 Qd4 26. Re4 Qd8 27. Qg3 Ng7 28. Rb4 Rb8 29. Qh3 Nf5 30. Qg4 Qd6 31. Nf3 h5 32. Qc4 b5 33. Qb3 a5 34. Re4 Qd5 35. Qxd5 cxd5 36. Re5 Rfd8 37. Rd1 d4 38. h3 a4 39. g4 hxg4 40. hxg4 Nh6 41. Rxd4 Rxd4 42. Nxd4 b4 43. g5 Nf5 44. Nxf5 gxf5 45. Rxf5 b3 46. a3 Rc8 47. Rf4 Rc2 48. Rxa4 Rxb2 49. Rb4 Kg7 50. Rb6 Rb1+ 51. Kg2 b2 52. a4 Ra1 53. Rxb2 Rxa4 54. Kg3 f6 55. gxf6+ Kxf6 56. Rb5 Rc4 57. f4 Rc1 58. Kg4 Rg1+ 59. Kf3 Rf1+ 60. Ke3 1/2-1/2

[Event "Hofheim Spring op-B 5th"]
[Site "Hofheim"]
[Date "2017.04.09"]
[Round "5"]
[White "Ehmann, Johanna"]
[Black "Heymann, Walter"]
[Result "0-1"]
[WhiteElo "1715"]
[BlackElo "1833"]
[PlyCount "58"]
[EventDate "2017.04.07"]
[EventType "swiss"]
[EventRounds "9"]
[EventCountry "GER"]
[SourceTitle "CBM 178 Extra"]
[Source "ChessBase"]
[SourceDate "2017.06.22"]
[SourceVersion "1"]
[SourceVersionDate "2017.06.22"]
[SourceQuality "1"]

1. e4 d6 2. Bc4 Nf6 3. d3 e5 4. f4 Bg4 5. Nf3 Nbd7 6. h3 Be6 7. Bb3 Be7 8. 0-0 c6 9. Kh1 Qb6 10. Bd2 Nh5 11. Qe1 exf4 12. Kh2 g5 13. Ba5 Qa6 14. Nd4 Bxb3 15. Nxb3 Ng3 16. Rf2 h5 17. Nd4 Rh7 18. Nf5 h4 19. Bc3 b6 20. Nd2 Qb7 21. Nf3 Ne5 22. Bxe5 dxe5 23. Nxe7 Qxe7 24. Qc3 f6 25. Qb3 0-0-0 26. Qc4 Qd7 27. Qc3 g4 28. Ng1 Nxe4 29. dxe4 g3+ 0-1

[Event "Hofheim Spring op-B 5th"]
[Site "Hofheim"]
[Date "2017.04.08"]
[Round "3"]
[White "Landsverk, Ida"]
[Black "Ehmann, Johanna"]
[Result "0-1"]
[WhiteElo "1411"]
[BlackElo "1715"]
[PlyCount "96"]
[EventDate "2017.04.07"]
[EventType "swiss"]
[EventRounds "9"]
[EventCountry "GER"]
[SourceTitle "CBM 178 Extra"]
[Source "ChessBase"]
[SourceDate "2017.06.22"]
[SourceVersion "1"]
[SourceVersionDate "2017.06.22"]
[SourceQuality "1"]

1. e4 e5 2. Nf3 Nc6 3. Bb5 a6 4. Ba4 Nf6 5. d3 b5 6. Bb3 Be7 7. 0-0 d6 8. c3 0-0 9. Re1 Bg4 10. Nbd2 d5 11. exd5 Nxd5 12. Nf1 Nb6 13. h3 Bxf3 14. Qxf3 Qd7 15. Be3 Rab8 16. Rad1 a5 17. Ng3 Kh8 18. Ne4 a4 19. Bc2 Nd5 20. Bc5 Bxc5 21. Nxc5 Qd6 22. Ne4 Qd8 23. d4 exd4 24. cxd4 Nce7 25. a3 c6 26. Ng5 Nf6 27. Qg3 h6 28. Nf3 Ned5 29. Ne5 Qc7 30. Qd3 Rfe8 31. Ng4 Qa5 32. Rxe8+ Rxe8 33. Ne5 Z0 34. Qf5 g6 35. Qf3 c5 36. dxc5 Rxe5 37. Qg3 Re2 38. Qd3 Re1+ 39. Rxe1 Qxe1+ 40. Kh2 Qxf2 41. b4 Ne3 42. Qd8+ Kg7 43. Qa8 Nfd5 44. Be4 Qf4+ 45. Kg1 Qxe4 46. Kf2 Qxg2+ 47. Ke1 Nc2+ 48. Kd1 Nde3+ 0-1